000 00885nam a2200229 i 4500
001 74382
003 ES-MaACL
005 20230906172119.0
007 t|
008 040917s1973 sp ||||1| spa d
020 _a84-600-5713-5
100 1 _aGonzález González, Manuel.
_958683
245 1 0 _aCirugía ano-rectal /
_cdirector de la ponencia Manuel González González ; II Congreso de Medicina Aragonesa (VI Jornadas Médicas Aragonesas).
260 _aZaragoza :
_bInstituto "Fernando el Católico",
_c1973.
300 _a108 p. :
_bil. ;
_c27 cm.
650 4 _aAno-
_xCirugía.
_9172196
650 4 _aRecto-
_xCirugía.
_9140378
710 2 _aInstitución "Fernando el Católico"
_94721
711 2 _aCongreso de Medicina Aragonesa (
_n2º.
_d1973.
_cZaragoza)
_9332
711 2 _aJornadas Médicas Aragonesas (
_n6ª.
_d1973.
_cZaragoza)
_9172094
852 _aES-MaACL
_jC-53765
999 _c74382
_d74382